000 004060000a22001690004500
003 MACL
005 20160110134806.0
008 160110b xxu||||| |||| 00| 0 eng d
040 _aMACL
_cMACL
041 _aEnglish
082 _a551.HUL
100 _aHull, Edward
_930967
245 _aVolcanoes
260 _bWalter Scott
_c1892
_aLondon
650 _aEarht science
_927413
942 _cBK
_k551.2/HUL
_2ddc
999 _c38491
_d38491